Modifikácia firemnej identity prostredníctvom rebrandingu diplomová práca

Guardado en:
Detalles Bibliográficos
Autor principal: Lašutová, Vanessa
Autor Corporativo: Podnikovohospodárska fakulta EU so sídlom v Košiciach. Katedra obchodného podnikania
Otros Autores: Lieskovská, Vanda, 1961-
Formato: Libro
Lenguaje:eslovaco
Publicado: Košice 2025
Etiquetas: Agregar Etiqueta
Sin Etiquetas, Sea el primero en etiquetar este registro!

MARC

LEADER 00000nbm a2200000 4500
001 0309104
005 20251118131621.1
041 0 |a slo 
044 |a SK 
245 1 0 |a Modifikácia firemnej identity prostredníctvom rebrandingu  |b diplomová práca  |c Vanessa Lašutová ; školiteľ: Vanda Lieskovská 
264 1 |a Košice  |c 2025 
300 |a 93 s. 
100 1 |a Lašutová, Vanessa 
700 1 |a Lieskovská, Vanda, 1961- 
710 2 |a Podnikovohospodárska fakulta EU so sídlom v Košiciach. Katedra obchodného podnikania